000 02002nam a22002537a 4500
003 NALT
005 20251125233125.0
008 s2558 th o tha d
020 _a9786163990174
040 _aNALT
086 _aสผ 41 7.3 354.8 2558
090 _aAA 560.T52
_bส226ส 2558
110 2 _aสำนักงานเลขาธิการสภาผู้แทนราษฎร ปฏิบัติหน้าที่สำนักงานเลขาธิการสภาปฏิรูปแห่งชาติ
_91766
245 1 0 _aสภาปฏิรูปแห่งชาติ วาระปฏิรูปที่ 13 :
_bการปฏิรูปการเงินฐานรากและสหกรณ์ออมทรัพย์ : แนวทางการปฏิรูปการเงินฐานราก /
_cสำนักงานเลขาธิการสภาผู้แทนราษฎร ปฏิบัติหน้าที่สำนักงานเลขาธิการสภาปฏิรูปแห่งชาติ.
260 _aกรุงเทพฯ :
_bสำนักการพิมพ์ สำนักงานเลขาธิการสภาผู้แทนราษฎร,
_c2558.
300 _a75 หน้า :
_bภาพประกอบ, ตาราง, แผนภูมิ ;
_c30 ซม.
610 2 4 _aคณะกรรมาธิการปฏิรูปเศรษฐกิจ การเงินและการคลัง สภาปฏิรูปแห่งชาติ
_xรายงาน
_915414
610 2 4 _aสหกรณ์ออมทรัพย์
_xการปฏิรูป
_918705
653 4 _aการเงินระดับฐานราก
850 _aNALT
856 4 0 _uhttps://hdl.handle.net/20.500.14156/454622
942 _cPAR
_2local
999 _c74355
_d74355
998 _j104
_k นางสาวสายฝน ดีงาม